| 000 | 02646nam a2200289 a 4500 | ||
|---|---|---|---|
| 003 | OSt | ||
| 005 | 20260210085212.0 | ||
| 007 | cr ||||||a|c|a | ||
| 008 | 231130s2019 mx a|||fom||| 001 0 spa d | ||
| 040 | _erda | ||
| 100 | 1 |
_9188390 _aOrtega Piña, Erick |
|
| 245 | 1 | 0 |
_aEtiología de la mancha foliar del tulipán (Hibiscus rosa-sinensis) en Cuautla, Morelos, México / _cpor Erick Ortega Piña : director de tesis María de Lourdes Rodríguez Mejía. |
| 264 | 1 |
_aChapingo, México : _bEl autor, _c2019. |
|
| 300 |
_a1 recurso en línea ( 37 páginas): _bfiguras, cuadros. |
||
| 336 |
_2rdacontent _atexto _btxt |
||
| 337 |
_2rdamedia _acomputadora _bc |
||
| 338 |
_2rdacarrier _arecurso en línea _bcr |
||
| 502 |
_bIAEPA _cParasitología _d2019. _gLIC |
||
| 504 | _aIncluye referencias bibliográficas: páginas 33-37. | ||
| 520 | _aEn viveros y centros de acopio de Tulipán Mexicano en Cuautla, Morelos, se presenta una enfermedad caracterizada por manchas en hojas, tallos y sépalos, en el follaje son angulares, llegando a ser más frecuente en la temporada de lluvias donde la incidencia alcanza hasta un 60%. Con la finalidad de conocer la etiología de estas manchas, se realizó un estudio a partir de plantas enfermas, colectadas en viveros de Cuautla estado de Morelos, se aisló al microorganismo causal en medio B de King obteniendo el crecimiento de una bacteria, posteriormente se realizaron pruebas de patogenicidad en tabaco y siempreviva para observar hipersensibilidad, también se realizó la inoculación en el huésped homólogo bajo condiciones de alta humedad y mantenidas en invernadero, después de la reproducción de síntomas se procedió a la identificación a través de pruebas fenotípicas y se encontró que el agente causal producía el pigmento fluoresceína en medio BK y dio reacción positiva la utilización de ribosa y negativas para la oxidasa, sorbitol y dihidrolasa de arginina, y al realizar PCR con la amplificación del gen rpoB de 1247 pb en un termociclador marca BIO RAD, con los primers LAPS y LAPS 27, se determinó que el agente causal de la mancha foliar en tulipán es Pseudomonas syringae con un porcentaje de identidad de 99.90% y cobertura de 99% de la cadena doble de nucleótidos | ||
| 650 | 0 |
_aTulipanes _xEnfermedades por bacterias _9174197 |
|
| 650 | 4 |
_9188391 _aMancha foliar del tulipán |
|
| 650 | 4 |
_9133046 _aPseudomonas syringae _xControl biológico |
|
| 700 | 1 |
_998687 _aRodríguez Mejía, María de Lourdes _eDirector de tesis . |
|
| 856 |
_uhttp://10.13.5.2/tesis/tl/Ortega_Pina_Erick.pdf _zDESCARGAR PDF |
||
| 942 |
_2Clasificación Universidad Autónoma Chapingo _cTD |
||
| 999 |
_c219480 _d219480 |
||